Cloud Computing For Science And Engineering (Record no. 352971)

MARC details
000 -LEADER
fixed length control field 00500nam a2200169Ia 4500
008 - FIXED-LENGTH DATA ELEMENTS--GENERAL INFORMATION
fixed length control field 230718s9999 xx 000 0 und d
020 ## - INTERNATIONAL STANDARD BOOK NUMBER
International Standard Book Number 9780262037242
041 ## - LANGUAGE CODE
Language code of text/sound track or separate title eng
082 ## - DEWEY DECIMAL CLASSIFICATION NUMBER
Classification number 006.7'8
Item number FOS
100 ## - MAIN ENTRY--PERSONAL NAME
Personal name Foster I.
9 (RLIN) 203199
245 ## - TITLE STATEMENT
Title Cloud Computing For Science And Engineering
260 ## - PUBLICATION, DISTRIBUTION, ETC. (IMPRINT)
Date of publication, distribution, etc. 2017
Name of publisher, distributor, etc. The MIT Press
300 ## - PHYSICAL DESCRIPTION
Extent 372
Accompanying material [OBSOLETE, CAN/MARC] Ref 1622 C (64182)
365 ## - TRADE PRICE
Currency code Rs.
Price amount 4581.50
700 ## - ADDED ENTRY--PERSONAL NAME
Personal name Foster I. & Gannon D.B.
9 (RLIN) 203200
906 ## - LOCAL DATA ELEMENT F, LDF (RLIN)
d O:0760812-Nov-2022B:IN40014-Oct-2022
c TC
b 916.3
Holdings
Withdrawn status Lost status Source of classification or shelving scheme Reference No Damaged status Not for loan Home library Current library Date acquired Vendor Budget Code Cost, normal purchase price Bill number Full call number Barcode Date last seen Discount Cost, replacement price Bill Date Koha item type Original Barcode
    Dewey Decimal Classification Ref 1622 C (64182)     Cummins College of Engineering for Women Pune Cummins College of Engineering for Women Pune 12/11/2022 Pradeep Book Distributors TC 3665.20 IN400 006.7'8 CCEP-BK-64182 18/07/2023 916.3 4581.50 14/10/2022 Books 064182